Statistics for Video Games - Can You Name Them All?

Click here to take the quiz!

General Stats

  • This quiz has been taken 21 times
  • The average score is 7 of 16

Answer Stats

Answer% Correct
Luigi
100%
Mario
100%
DS
76%
Gamecube
59%
Mushroom
53%
PSP
53%
Virtual boy
53%
NES
47%
Nintendo Switch Lite
47%
Koopa Shell
35%
Pro Controller
35%
Sega Dreamcast
18%
Game Boy Gold Edition
12%
Panasonic q
12%
Philips CD-I
6%
Hyundai Comboy
0%

Score Distribution

Percentile by Number Answered

Percent of People with Each Score

Your Score History

You have not taken this quiz